00384cam a22001217a 4500008004000000082001600040100001500056245008600071260003300157300001000190650003000200650003200230180718b1959 xxu||||| |||| 00| 0 eng d aT19x54 D263 aDas, M. N. aStudies in economic and social development of modern India, 1848-56cby M. N. Das aCalcuttabMukhopadhyayc1959 a449p. aIndia - Social conditions aIndia - Economic conditions